000 00336nam a22001457a 4500
008 210304b ||||| |||| 00| 0 eng d
020 _a9780077483647
041 _aeng
080 _a510
082 _a510
100 _a36
101 _aMAT
245 _aIntroductory Algebra with Power Learning
_cMessersmith, Sh.
942 _2udc
_cBK
999 _c55736
_d55736